000 00382nam a2200169Ia 4500
008 210210b1977 xxu||||| |||| 00| 0 eng d
020 _a8170407478
082 _a574.87 POWC
100 _aPOWAR (C B).
245 _aCell biology.
250 _a
260 _aBombay
_bH P House
_c1977
300 _axv,782
650 _aCell Biology
690 _aCell Biology
906 _a048094
999 _c96998
_d96998